Happy families.

Saved in:
Bibliographic Details
Main Author: Maloff, Saul
Format: Book
Language:English
Published: London, Gollancz, 1969.
LEADER 00778nam a2200241 a 4500
001 c000102494
003 CARM
005 19690925000000.0
008 690908s1969 enk 000 1 eng
015 |a B69-05224 
019 1 |a 110211  |5 LACONCORD2021 
020 |a 575001909 
035 |a (OCoLC)34828  |5 LACONCORD2021 
040 |a LC  |b eng  |c LC 
050 0 0 |a PZ4.M25554  |b Hap3  |a PS3563.A432 
082 0 4 |a 813/.5/4 
100 1 |a Maloff, Saul. 
245 1 0 |a Happy families. 
260 |a London,  |b Gollancz,  |c 1969. 
300 |a [7], 375 p.  |c 21 cm. 
852 8 |b CARM  |h A2:AJ28G0  |i A02411  |p 0159963  |f BK 
999 f f |i c2a6816c-4ba8-5d0c-b3f9-6bfa2de13391  |s cc9b733f-ca50-5074-a610-fc54a3f44a5f 
952 f f |p Can circulate  |a CAVAL  |b CAVAL  |c CAVAL  |d CARM 1 Store  |e A02411  |f A2:AJ28G0  |h Other scheme  |i book  |m 0159963